• 首页
  • 本馆介绍
  • 公告通知
  • 最新文献
  • 馆藏检索
  • 电子资源
  • 读者导购
  • 参考咨询
  • 我的图书馆
  • 登录
  • 详细信息显示
  • 放入我的书架
  • 预约/预借图书
  • 作者相关作品
  • 分类相关作品
  • 丛书相关作品
  • 出版社相关作品

书目信息

  • 表格格式
  • 工作单格式
  • 卡片格式
题名:
北斗与GNSS系统概论
    
 
作者: 蓸冲
分册:  
出版信息: 北京   电子工业出版社  2016.04
页数: 413页
开本: 26cm
丛书名:
单 册:
中图分类: P228.4
科图分类:
主题词: 大地测量学
电子资源:
ISBN: 978-7-121-28524-0
000 00595nam0 2200205 450
001 3458
005 20160926084020.73
010    @a978-7-121-28524-0@b平装@dCNY98.00
100    @a20151001d2016 km y0chiy0120 ea
101 0  @achi
102    @aCN@b110000
200 1  @a北斗与GNSS系统概论@Abei dou yu GNSS xi tong gai lun@f蓸冲@Fcao chong
210    @a北京@c电子工业出版社@d2016.04
215    @a413页@d26cm
330    @a卫星导航·全球定位系统·介绍
606 0  @a大地测量学
690    @aP228.4@v4
701  0 @a蓸冲@Acao chong
801  0 @aCN@b唐山师范学院图书馆@c20151001
905    @aZUCC@dP228.4@e226
    
    北斗与GNSS系统概论/蓸冲.-北京:电子工业出版社,2016.04
    413页;26cm
    
    
    ISBN 978-7-121-28524-0(平装):CNY98.00
    卫星导航·全球定位系统·介绍
●
相关链接 在E读中查询图书 在五车中查询图书 在当当中查询图书 在豆瓣中查询图书


正题名:北斗与GNSS系统概论     索取号:P228.4/226         预约/预借

序号 登录号 条形码 馆藏地/架位号 状态 备注
1 905016   209050168   第二样本阅览室/ [索取号:P228.4/226] 在馆    
2 905017   209050177   第三借阅区/ [索取号:P228.4/226] 在馆    
3 905018   209050186   第三借阅区/ [索取号:P228.4/226] 在馆    
4 905019   209050195   第三借阅区/ [索取号:P228.4/226] 在馆    
5 905020   209050202   第三借阅区/ [索取号:P228.4/226] 在馆    
唐山师范学院图书馆 欢迎您!
大连网信软件有限公司© 版权所有